000 01134cam a2200313 a 4500
001 11839615
003 ARRUPE
005 20131023170011.0
008 990330s1999 onc b 001 0 eng d
010 _a 99478490
015 _aC99-930974-9
020 _a0802047211 (bound) :
_c$25.00
020 _a0802082912 (pbk.) :
_c$12.95
035 _a(OCoLC)ocm41347257
040 _aCaOTU
_beng
_cNLC
_dTJC
_dDLC
042 _alccopycat
050 0 0 _aML410.W13
_bL44 1999
082 0 0 _a782.1/092
_221
100 1 _aLee, M. Owen,
_d1930-
_92852
245 1 0 _aWagner :
_bthe terrible man and his truthful art /
_cM. Owen Lee.
260 _aToronto :
_bUniversity of Toronto Press,
_cc1999.
300 _ax, 102 p. ;
_c22 cm.
500 _a"The 1998 Larkin-Stuart lectures."
504 _aIncludes bibliographical references (p. [94]-98) and index.
600 1 0 _aWagner, Richard,
_d1813-1883
_xCriticism and interpretation.
_92853
906 _a7
_bcbc
_ccopycat
_d2
_encip
_f19
_gy-genmusic
942 _2lcc
_cMONOGRAPH
999 _c118427
_d118427